000
00262nam a22001217a 4500
008
171227b xxu||||| |||| 00| 0 eng d
041
_a
eng
080
_a
7
100
_a
44
101
_a
ART
245
_a
THE SMITHSONIAN EXPERIENCE
_c
POLK/M
942
_2
udc
_c
BK
999
_c
39461
_d
39461